A hivatás- és szabadidős turizmus szinergiája a bleisure turizmus újító szerepe az élményalapú utazások alakításában

Bibliográfiai részletek
Szerző: Boros Kitti
Dokumentumtípus: Könyv része
Megjelent: Budapesti Gazdaságtudományi Egyetem Budapest 2025
Sorozat:Szemelvények a BGE kutatásaiból 2024
Tárgyszavak:
doi:10.29180/978-615-6886-21-7_3

Kulcsszavak:üzleti célú utazás
bleisure turizmus
konferenciaturizmus
turisztikai motiváció
élményalapú utazás
business travel
bleisure tourism
conference tourism
tourism motivation
experience-based travel
Online Access:http://publikaciotar.uni-bge.hu/2566

MARC

LEADER 00000naa a2200000 i 4500
001 publ2566
005 20251125122232.0
008 251125s2025 hu o 000 zxx d
020 |a 978-615-6886-21-7 
024 |a 10.29180/978-615-6886-21-7_3  |2 doi 
040 |a BGE Publikációtár Repozitórium  |b hun 
100 1 |a Boros Kitti 
245 1 2 |a A hivatás- és szabadidős turizmus szinergiája  |b a bleisure turizmus újító szerepe az élményalapú utazások alakításában  |c Boros Kitti  |h [elektronikus dokumentum] 
260 |a Budapesti Gazdaságtudományi Egyetem  |b Budapest  |c 2025 
300 |a 23-33 
490 0 |a Szemelvények a BGE kutatásaiból 2024 
520 3 |a A 21. századi globális turizmust formáló trendek között találjuk az üzleti és a szabadidős utazást ötvöző bleisure turizmust. A munka és a szabadidő összefonódásával az üzleti célú utazások megváltoztak és a munkával kapcsolatos utakhoz gyakran társulnak szabadidős tevékenységek. A bleisure turizmus nem új jelenség, azonban népszerűsége a koronavírus-világjárvány után erőteljes lendületet kapott. A tanulmányban a hazai és nemzetközi szakirodalomra alapozva bemutatásra kerülnek a bleisure turisták motivációi és a bleisure turizmus szerepe, valamint a bleisure turizmuson túlmutató, munkához kapcsolódó új utazási formák is. Jelen tudományos munkában egy 2023-ban lezárult empirikus kutatás eredményei is feldolgozásra kerültek. A kvalitatív kutatás eredményei alátámasztották a szakirodalom megállapításait, tehát a bleisure turizmus növekő népszerűségét és hozzájárulását az üzleti utazók személyes fejlődéséhez és a különleges élmények szerzéséhez. 
650 4 |a társadalomtudományok 
695 |a üzleti célú utazás 
695 |a bleisure turizmus 
695 |a konferenciaturizmus 
695 |a turisztikai motiváció 
695 |a élményalapú utazás 
695 |a business travel 
695 |a bleisure tourism 
695 |a conference tourism 
695 |a tourism motivation 
695 |a experience-based travel 
856 4 0 |u https://publikaciotar.uni-bge.hu/id/eprint/2566/1/BGE%20Szemelv%C3%A9nyek%202024%20III.%20k%C3%B6tet_3.pdf  |z Dokumentum-elérés